00848nam a22001817a 4500999001500000005001700015008004100032040000900073110004700082245017400129260003000303300004100333650004300374650005400417856006900471942002000540952010600560 c7987d798720241128181306.0230717b ||||| |||| 00| 0 eng d aCDMR1 9828aConsell de l'Audiovisual de Catalunya aRecomanacions per a una cobertura mediàtica de la infància i l'adolescència amb enfocament de drets [Recurs electrònic] c/ Consell de l'Audiovisual de Catalunya aBarcelona : bCAC, c2021 a1 recurs electrònic (14 pàgines) 09983aÈtica periodísticazCatalunya 093487aMitjans de comunicació de massa i infants zAccés en líniauhttps://omeka.periodistes.cat/items/show/721 2udccRECURS_WEB 00102udc4070aCDMRbCDMRd2024-11-28l0oDisponible en líniar2024-11-28w2024-11-28yRECURS_WEB